01001nam a2200289 i 450000100060000000300080000600500170001400800410003102000150007203500190008704000230010604100080012908200220013711000460015924500810020524600170028625000120030326000390031530000490035450000280040350400390043165000210047070000490049194200120054099900170055295201420056926810BD-RjUL20211209051053.0160903s1976 mauaf b 001 0 eng  a066997451X a(BD-RjUL)26881 aDLCcDLCdDLCbeng aeng00a530223bPHP 19762 aPhysical Science Study Committee.915479220aPhysics /cPhysical Science Study Committee ; Uri Haber-Schaim ... [et al.]. aPSSC Physics a4th ed. aLexington, Mass. :bHeath,cc1976. a673 p., [1] leaf of plates :bill. ;c27 cm. aAt head of title: PSSC. aIncludes bibliographies and index. 0aPhysics.91547932 aHaber-Schaim, Uri ...[et al.]d1926-9154794 2ddccBK c26810d26810 00102ddc40718NFICaRUCLbRUCLcReadingd1985-10-06eAsia Foundation, Dhakal0o530 PHP 1976r2016-09-03 00:00:00tC-1w2016-09-03yBK